LEADER 00862nam0 22002651i 450 001 RML0251711 005 20231121125710.0 010 $a8813156367 100 $a20121121d1985 ||||0itac50 ba 101 | $aita 102 $ait 181 1$6z01$ai $bxxxe 182 1$6z01$an 200 1 $aMedicina legale 210 $aPadova $cCedam $d1985 606 $aMedicina legale$2FIR$3RMLC004057$9I 700 1$aGiusti$b, Giusto$3RMLV163376$0226149 801 3$aIT$bIT-01$c20121121 850 $aIT-FR0098 899 $aBiblioteca Area Giuridico Economica$bFR0098 912 $aRML0251711 950 0$aBiblioteca Area Giuridico Economica$d 53DSG 08/0141$e 53VM 0000225895 VM barcode:GIU0005037. - Inventario:2836VM$fA $h20010423$i20121204 977 $a 53 996 $aMedicina legale$9668402 997 $aUNICAS